000
00341nam a22001457a 4500
008
210322b ||||| |||| 00| 0 eng d
020
_a
9780827355958
041
_a
eng
080
_a
336
082
_a
336
100
_a
56
101
_a
FIN
245
_a
Financial Management in Health Care Organizations
_c
Mclean, R. A
942
_2
udc
_c
BK
999
_c
56670
_d
56670